000 00407nam a2200145Ia 4500
008 100204s9999 xx 000 0 und d
082 _b25256
100 _aमनोहर अनंत
245 _aजॅकपॉट
260 _b"निशांत प्रकाशन , पुणे"
_c2002
300 _a191
630 _aजॅकपॉट
730 _aजॅकपॉट
942 _cBOOK
999 _c470436
_d470433